000 00544nam a2200193 i 4500
001 44943
003 ES-MaACL
005 20230906161126.0
007 t|
008 030324s1922 fr ||||1| fre d
100 1 _aCluzet, J.
_939321
245 1 0 _aPrécis de physique medicale /
_cpar J. Cluzet.
260 _aParís :
_bGaston Doin,
_c1922 (
_eDijon :
_fDarantiére)
300 _a792 p. :
_bil. ;
_c19 cm.
490 1 _aColección testut
830 0 _aColección testut
_9182041
852 _aES-MaACL
_jF-2615
999 _c44943
_d44943